Movies Quiz

Random Movies or Actor Quiz

Movies by Character (A-Z) Quiz Stats

 Plays Quiz Updated Dec 11, 2018

     
Support Sporcle.
Go Orange.
Score 0/26 Timer 06:00
0 Plays Today
Character Movie % Correct
E - BuddyElf
81.7%
F - DoryFinding Nemo
81.6%
D - John McClaneDie Hard
80.6%
X - Charles XavierX-Men
78.8%
L - Elle WoodsLegally Blonde
78.2%
W - Johnny CashWalk the Line
75.3%
C - Rick BlaineCasablanca
73.8%
Z - HanselZoolander
72.7%
P - Norman BatesPsycho
67.1%
G - Peter VenkmanGhostbusters
65.5%
N - Benjamin GatesNational Treasure
65%
K - Ben StoneKnocked Up
60%
I - Dom CobbInception
59.4%
Character Movie % Correct
M - Regina GeorgeMean Girls
58.8%
B - Annie WalkerBridesmaids
58.7%
R - Jake La MottaRaging Bull
57.3%
A - Jim LovellApollo 13
56.4%
O - Rusty RyanOcean's Eleven
52.7%
V - Claus von StauffenbergValkyrie
49.5%
J - QuintJaws
39.6%
T - Michael DorseyTootsie
34.8%
H - Connor MacLeodHighlander
33.4%
U - Ryan BinghamUp in the Air
31.1%
Y - Frau BlücherYoung Frankenstein
26.4%
S - Itzhak SternSchindler's List
25.6%
Q - Strawberry FieldsQuantum of Solace
22.8%

From the Vault

Superheroes Without 'Sporcle'

by Tolkienite

...are hardly superheroes at all.
Remove Ads.
Support Sporcle.
Get the best of Sporcle when you Go Orange. This ad-free experience offers more features, more stats, and more fun while also helping to support Sporcle. Thank you for becoming a member.

Show Comments

Extras

Top Quizzes Today


Score Distribution

Your Account Isn't Verified!

In order to create a playlist on Sporcle, you need to verify the email address you used during registration. Go to your Sporcle Settings to finish the process.

Report this User

Report this user for behavior that violates our Community Guidelines.

Details: